Advanced technologies for meat processing (Record no. 359214)

MARC details
000 -LEADER
fixed length control field 00532 a2200205 4500
005 - DATE & TIME
control field 20250528101304.0
008 - FIXED-LENGTH DATA ELEMENTS--GENERAL INFORMATION
fixed length control field 250528b |||||||| |||| 00| 0 eng d
020 ## - ISBN
International Standard Book Number 9781498754590
Price £ 185.00
040 ## - CATALOGING SOURCE
Original cataloging agency VIVEKANANDA LIBRARY
082 ## - DDC NUMBER
Classification number 664.9
Book Number T575A(2)
100 ## - MAIN ENTRY--PERSONAL NAME
Personal name Toldra, Fidel, ed.
245 ## - TITLE STATEMENT
Title Advanced technologies for meat processing
250 ## - EDITION STATEMENT
Edition statement 2nd
260 ## - PUBLICATION, DISTRIBUTION, ETC. (IMPRINT)
Name of publisher, distributor, etc CRC Press
Date of publication, distribution, etc 2018
Place of publication, distribution, etc Boca Raton
300 ## - PHYSICAL DESCRIPTION
Pages xvi, 705
650 ## - Subject
Subject Food Technology
650 ## - Subject
Subject Meat Process
700 ## - Added Entry Personal Name
Added Entry Personal Name Nollet, Leo M L, ed.
942 ## - ADDED ENTRY ELEMENTS (KOHA)
Koha item type Books
Holdings
Withdrawn status Lost status Source of classification or shelving scheme Damaged status Not for loan Location (home branch) Sublocation or collection (holding branch) Shelving location Date acquired Koha issues (times borrowed) Koha full call number Accession No. Koha date last seen Koha item type
    Dewey Decimal Classification     VIVEKANANDA LIBRARY VIVEKANANDA LIBRARY Vivekananda Library 21/12/2024   664.9 T575A(2) 394619 21/12/2024 Books
© Designed and Maintained by Vivekananda Library, MDU Rohtak